Alonso de Ojeda / (Registro nro. 6916)
[ vista simple ]
| 000 -CABECERA | |
|---|---|
| campo de control de longitud fija | 00493cam a2200157 a 4500 |
| 001 - NÚMERO DE CONTROL | |
| campo de control | 000007135 |
| 005 - FECHA Y HORA DE LA ÚLTIMA TRANSACCIÓN | |
| campo de control | 20200929154057.0 |
| 008 - DATOS DE LONGITUD FIJA--INFORMACIÓN GENERAL | |
| campo de control de longitud fija | 821208s1953 na 000 0 spa |
| 040 ## - FUENTE DE LA CATALOGACIÓN | |
| Centro catalogador/agencia de origen | DO-SdBNP |
| Lengua de catalogación | spa |
| Centro/agencia transcriptor | BNPHU |
| 082 ## - NÚMERO DE LA CLASIFICACIÓN DECIMAL DEWEY | |
| Número de clasificación | nnn |
| Número de documento/Ítem | O39B |
| 100 1# - ENTRADA PRINCIPAL--NOMBRE DE PERSONA | |
| Nombre de persona | Bayle, Constantino, |
| 9 (RLIN) | 19793 |
| 245 10 - MENCIÓN DE TÍTULO | |
| Título | Alonso de Ojeda / |
| Mención de responsabilidad, etc. | por Constantino Bayle, S.I. |
| 260 ## - PUBLICACIÓN, DISTRIBUCIÓN, ETC. | |
| Lugar de publicación, distribución, etc. | Curaçao, (Holanda) : |
| Nombre del editor, distribuidor, etc. | Hollandsche Boekhandel, |
| Fecha de publicación, distribución, etc. | 1953. |
| 300 ## - DESCRIPCIÓN FÍSICA | |
| Extensión | 107 p. ; |
| Dimensiones | 21 cm. |
| 600 14 - PUNTO DE ACCESO ADICIONAL DE MATERIA--NOMBRE DE PERSONA | |
| Nombre de persona | OJEDA, ALONSO DE |
| Fechas asociadas al nombre | 1466-1515 |
| Subdivisión de forma | BIOGRAFÍAS |
| 9 (RLIN) | 19794 |
| Estado de retiro | Estado de pérdida | Restricciones de uso | No para préstamo | Código de colección | Localización permanente | Ubicación/localización actual | Ubicación en estantería | Fecha de adquisición | Número de inventario | Total de préstamos | Signatura topográfica completa | Código de barras | Fecha visto por última vez | Precio válido a partir de | Tipo de ítem Koha |
|---|---|---|---|---|---|---|---|---|---|---|---|---|---|---|---|
| Préstamo interno | Monografías: Libros y Folletos | General | General | En catalogación | 04.09.2009 | LF1 | nnn O39B | 7135-10 | 25.06.2020 | 25.06.2020 | Préstamo interno |
